000
00325pam a2200145 a 4500
020
_c
041
_a
eng
082
_b
PAT
100
_a
Pattioson T.
245
_a
Programimg Dist Applicatpn COM & VS60
_h
Textual Documents
250
_a
2000.
260
_a
[s.l]:
_b
Wp Publishing PVT
300
_a
314 pg .
930
_a
5205
999
_c
82121
_d
82121